000 00510nam a2200193 a 4500
001 1771666227340
003 YourLibrary
005 20260221150218.0
008 260221s1996##################000#0#eng##
020 _a9780117023581
082 0 4 _a338.642
_bBAR
100 1 _aBarkham, Richard,
_eauthor.
245 1 0 _aDeterminants of Small Firm Growth :
260 _bPsychology Press,
_c1996.
300 _a182 pages
650 0 _aArchitecture.
942 _cENGLISH
040 _aYourLibrary
_beng
_cYourLibrary
999 _c615277
_d615277